<?xml version="1.0" encoding="UTF-8"?>
<collection xmlns="http://www.loc.gov/MARC21/slim">
  <record>
    <leader>00000nam  2200000   4500</leader>
    <controlfield tag="001">INLIS000000000019545</controlfield>
    <controlfield tag="005">20250306021500</controlfield>
    <datafield tag="035" ind1="#" ind2="#">
      <subfield code="a">0010-0325000036</subfield>
    </datafield>
    <controlfield tag="007">ta</controlfield>
    <controlfield tag="008">250306################g##########0#ind##</controlfield>
    <datafield tag="020" ind1="#" ind2="#">
      <subfield code="a">979 537 074 X</subfield>
    </datafield>
    <datafield tag="082" ind1="#" ind2="#">
      <subfield code="a">R 658.64</subfield>
    </datafield>
    <datafield tag="084" ind1="#" ind2="#">
      <subfield code="a">R 658.64 KEN n</subfield>
    </datafield>
    <datafield tag="245" ind1="1" ind2="#">
      <subfield code="a">Negosiator :</subfield>
      <subfield code="b">Inti Pemikiran dan teori manajemen dari A hingga Z /</subfield>
      <subfield code="c">Gavin Kennedy</subfield>
    </datafield>
    <datafield tag="250" ind1="#" ind2="#">
      <subfield code="a">Cetakan ke 1</subfield>
    </datafield>
    <datafield tag="260" ind1="#" ind2="#">
      <subfield code="a">Jakarta :</subfield>
      <subfield code="b">Elex Media Komputindo,</subfield>
      <subfield code="c">1994</subfield>
    </datafield>
    <datafield tag="300" ind1="#" ind2="#">
      <subfield code="a">243 halaman :</subfield>
      <subfield code="b">Ilus ;</subfield>
      <subfield code="c">22,5 cm</subfield>
    </datafield>
    <datafield tag="650" ind1="#" ind2="4">
      <subfield code="a">Negosiator</subfield>
    </datafield>
    <datafield tag="520" ind1="#" ind2="#">
      <subfield code="a">Hampir seluruh aspek bisnis memerlukan keterampilan bernegosiasi, apakah Anda sedang membuat. perjanjian, mengatur sebuah tim kerja untuk mengerjakan suatu proyek, mengusahakan kenaikan pembayaran atau bahkan dalam membayar gaji dan memutuskan hubungan kerja.&#13;
&#13;
Buku Negosiator ini menyajikan tuntunan yang jelas mengenai keterampilan bernegosiasi. Dengan demikian, buku ini sangat diperlukan bagi setiap orang yang ingin menang dalam usaha bisnis.</subfield>
    </datafield>
    <datafield tag="100" ind1=" " ind2="#">
      <subfield code="a">Kennedy, Gavin</subfield>
    </datafield>
    <datafield tag="990" ind1="#" ind2="#">
      <subfield code="a">110413446</subfield>
    </datafield>
    <datafield tag="990" ind1="#" ind2="#">
      <subfield code="a">27797</subfield>
    </datafield>
  </record>
</collection>
